000 00489nam a22001817a 4500
005 20180213141353.0
010 _aENG-122245
020 _c640.00
_a9789387324206
035 _aEN-105777
037 _bDBAD/PUB
082 _aN
100 _aSudha Madhuri D.
245 _aAqua /
_cby Sudha Madhuri D.
260 _aDelhi
_bKW Publishers
_cc2018
270 _a4676/21, first floor, Ansari road daryaganj
_bDelhi
_e110002
300 _axvii,265p.
_c23cm(pbk)
942 _2ddc
_cEN
_hN
_mSUD
999 _c149902
_d149902